Schnelle Mathematik: Vielfachen von 7 - Statistiken

Allgemein
  • Dieses Quiz wurde 558 mal gespielt
  • Das Durchschnittsergebnis liegt bei 9 aus 10
Antwortstatistiken
Hint Antwort % Korrekt
2*7 14
100%
1*7 7
100%
3*7 21
99%
4*7 28
99%
5*7 35
94%
6*7 42
89%
7*7 49
86%
8*7 56
76%
10*7 70
64%
9*7 63
63%
Keine übereinstimmenden Quizze gefunden
Verteilung der Resultate
Anzahl Personen mit jedem Resultat
Perzentil nach korrekt beantworteten Fragen
Ihre Resultats-Entwicklung
Sie haben dieses Quiz noch nicht gespielt